Retained mines and minerals (Record no. 84626)

MARC details
000 -LEADER
fixed length control field 00837cab a22002055a 4500
001 - CONTROL NUMBER
control field L158565
008 - FIXED-LENGTH DATA ELEMENTS--GENERAL INFORMATION
fixed length control field 150428e20150411xxk 000 0 eng d
035 ## - SYSTEM CONTROL NUMBER
System control number (Sirsi) u158565
041 0# - LANGUAGE CODE
Language code of text/sound track or separate title eng
100 1# - MAIN ENTRY--PERSONAL NAME
Personal name Jeffries, Stuart
245 00 - TITLE STATEMENT
Title Retained mines and minerals
260 ## - PUBLICATION, DISTRIBUTION, ETC.
Date of publication, distribution, etc. 2015
490 ## - SERIES STATEMENT
Series statement Estates Gazette
Volume/sequential designation (1514) 11 April 2015, 76-78(3)
520 ## - SUMMARY, ETC.
Summary, etc. Examines the issues that arise with reservations of mines and minerals as the extent of parties' rights in relation to them are often important factors in sales and development. Considers the correct approach to the interpretation of a reservation of what minerals are and what right of access or working are reserved. First of two articles.
590 ## - LOCAL NOTE (RLIN)
Local note KA
651 #4 - SUBJECT ADDED ENTRY--GEOGRAPHIC NAME
Geographic name United Kingdom
690 ## - LOCAL SUBJECT ADDED ENTRY--TOPICAL TERM (OCLC, RLIN)
Topical term or geographic name as entry element Minerals and waste
9 (RLIN) 6257
700 1# - ADDED ENTRY--PERSONAL NAME
Personal name Bhaloo, Zia
942 ## - ADDED ENTRY ELEMENTS (KOHA)
Suppress in OPAC 0
Holdings
Withdrawn status Lost status Source of classification or shelving scheme Damaged status Not for loan Home library Current library Shelving location Date acquired Total Checkouts Full call number Barcode Date last seen Copy number Price effective from Koha item type
    Dewey Decimal Classification     London London Journal article 28/04/2015   L158565 158565-1001 06/08/2019 1 06/08/2019 Journal article